000 00546nam a2200181Ia 4500
003 GCL
008 140319s9999 xx 000 0 ara d
040 _aGCL /
_cGCL
082 0 4 _a810.9
_bن ج
245 1 0 _aجرجى زيدان - المؤلفات الكاملة
250 _aالاولى
260 _aبيروت :
_bدار نوبيليس ،
_c2004
300 _aمتعدد ؛
_c24 سم
650 0 4 _aالادب العربى
650 0 4 _aالقصص العربية
650 0 4 _aالقصص العربية - مجموعات
942 _2ddc
_cBK
999 _c6432
_d6432